[Event "ASEAN-ch U16 10th"]
[Site "Hue"]
[Date "2009.06.10"]
[Round "6"]
[White "Le, Trong De Toan"]
[Black "Christer, Jon Aplin"]
[Result "0-1"]
[WhiteElo "1926"]
[BlackElo "2038"]
[PlyCount "78"]
[EventDate "2009.06.07"]
[EventType "swiss"]
[EventRounds "9"]
[EventCountry "VIE"]
[SourceTitle "EXT 2010"]
[Source "ChessBase"]
[SourceDate "2010.11.25"]
[SourceVersion "1"]
[SourceVersionDate "2010.11.25"]
[SourceQuality "1"]

1. d4 Nf6 2. c4 g6 3. Nc3 d5 4. cxd5 Nxd5 5. e4 Nxc3 6. bxc3 Bg7 7. Rb1 c5 8. Nf3 cxd4 9. Bb5+ Bd7 10. cxd4 Qa5+ 11. Qd2 Qxd2+ 12. Bxd2 b6 13. Ke2 Bxb5+ 14. Rxb5 Nc6 15. Be3 Rc8 16. Rc1 0-0 17. Rbb1 Rfd8 18. Rc2 e6 19. Rbc1 Ne7 20. Rc7 Rxc7 21. Rxc7 Nc8 22. Bg5 f6 23. Be3 Nd6 24. Kd3 e5 25. Rxa7 f5 26. Ng5 fxe4+ 27. Ke2 exd4 28. Rxg7+ Kxg7 29. Ne6+ Kf6 30. Nxd8 dxe3 31. Kxe3 Ke5 32. h3 Kd5 33. g4 b5 34. Kd2 b4 35. Kc2 Ke5 36. Nc6+ Kf4 37. Nd4 e3 38. f3 Kg3 39. f4 Nb5 0-1